Catalog

Record Details

Catalog Search



Available copies

  • 5 of 5 copies available at LARL/NWRL Consortium.
  • 1 of 1 copy available at Lake Agassiz Regional Library. (Show preferred library)

Current holds

0 current holds with 5 total copies.

Show Only Available Copies
Location Call Number / Copy Notes Barcode Shelving Location Status Due Date
Hawley Public Library J HAL (Text) 33500012769790 Main Reshelving -
Godel Memorial-Warren Library j HAL (Text) 35500006643280 Main Available -
Greenbush Public Library j HAL (Text) 35500005374614 Main Available -
Grygla LINK Site j HAL (Text) 35500005374630 Main Available -
Roseau Public Library j HAL (Text) 35500005374622 Main Available -

Record details

  • ISBN: 9780316282017 (hardback)
  • ISBN: 0316282014 (hardback)
  • ISBN: 9780316376136 (Scholastic)
  • ISBN: 0316376132 (Scholastic)
  • Physical Description: 326 pages ; 21 cm.
  • Edition: First edition.
  • Publisher: New York : Little, Brown and Company, 2014.

Content descriptions

Summary, etc.:
In the aftermath of Legacy Day, Raven Queen, ... Read More
Subject: Fairy tales.
Characters and characteristics in literature > Juvenile fiction.
Fairy tales > Fiction.
Characters in literature > Fiction.
Fate and fatalism > Fiction.
Friendship > Fiction.
Boarding schools > Fiction.
Schools > Fiction.
JUVENILE FICTION / Toys, Dolls, Puppets.
JUVENILE FICTION / Fairy Tales & Folklore / General.
Characters and characteristics in literature
Fairy tales.
Genre: Fiction.
Juvenile works.
LDR 03064cam a2200637 i 4500
001164173
003LARL_NWRL_CONSORTIUM
00520180831175346.0
008131204s2014 nyu c 000 1 eng
020 . ‡a9780316282017 (hardback)
020 . ‡a0316282014 (hardback)
020 . ‡a9780316376136 (Scholastic)
020 . ‡a0316376132 (Scholastic)
020 . ‡z9780316281973 (ebook)
020 . ‡z9780316282000 (library edition ebook)
035 . ‡a(OCoLC)864808726
08200. ‡a[Fic] ‡223
084 . ‡aJUV040000 ‡aJUV012030 ‡2bisacsh
1001 . ‡aHale, Shannon, ‡eauthor. ‡0(LARL_NWRL_CONSORTIUM)133231
24514. ‡aThe unfairest of them all. ‡n#2 / ‡cby Shannon Hale.
250 . ‡aFirst edition.
260 . ‡aNew York : ‡bLittle, Brown and Company, ‡c2014.
300 . ‡a326 pages ; ‡c21 cm.
336 . ‡atext ‡2rdacontent
337 . ‡aunmediated ‡2rdamedia
338 . ‡avolume ‡2rdacarrier
4900 . ‡aEver After High ; ‡v2
520 . ‡aIn the aftermath of Legacy Day, Raven Queen, reluctant leader of the Rebels, and Apple White, head of the Royals, work together when an Ever After High student, Maddie, gets in trouble, threatening all of their Happily Ever Afters.
650 0. ‡aFairy tales. ‡0(LARL_NWRL_CONSORTIUM)19913
650 0. ‡aCharacters and characteristics in literature ‡vJuvenile fiction.
650 1. ‡aFairy tales ‡vFiction.
650 1. ‡aCharacters in literature ‡vFiction.
650 1. ‡aFate and fatalism ‡vFiction. ‡0(LARL_NWRL_CONSORTIUM)172079
650 1. ‡aFriendship ‡vFiction. ‡0(LARL_NWRL_CONSORTIUM)164944
650 1. ‡aBoarding schools ‡vFiction. ‡0(LARL_NWRL_CONSORTIUM)163727
650 1. ‡aSchools ‡vFiction. ‡0(LARL_NWRL_CONSORTIUM)167222
650 7. ‡aJUVENILE FICTION / Toys, Dolls, Puppets. ‡2bisacsh
650 7. ‡aJUVENILE FICTION / Fairy Tales & Folklore / General. ‡2bisacsh
650 7. ‡2fast ‡aCharacters and characteristics in literature ‡0(LARL_NWRL_CONSORTIUM)16191
650 7. ‡aFairy tales. ‡2fast ‡0(LARL_NWRL_CONSORTIUM)19913
655 7. ‡aFiction. ‡2fast
655 7. ‡aJuvenile works. ‡2fast
901 . ‡a164173 ‡bOCLC ‡c164173 ‡tbiblio

Additional Resources